| 000 | 00870nam a22002417a 4500 | ||
|---|---|---|---|
| 001 | 3569 | ||
| 003 | FISKH | ||
| 005 | 20240320160359.0 | ||
| 008 | 240320b cb ||||| |||| 00| 0 eng d | ||
| 040 |
_aFISK _beng _cFISK _dFISK |
||
| 050 | _aQC16.N7 | ||
| 082 | _a530.092 | ||
| 100 |
_aKrull Kathleen _d1952-2021 |
||
| 245 |
_aIsaac newton / _cKathleen Krull |
||
| 260 |
_aNew York : _bScholastic, _c2007 |
||
| 300 |
_a125 pages : _billustrations, _c20 cm |
||
| 505 | _aU | ||
| 520 | _aIsaac Newton was not only briiliant, but secretive, vindictive and obsessive. Here is a portrait of the man, contradictions and all, than places him against the backdrop of seventeenth-century England, a time of plague, the Great Fire of London, and two revolutions. | ||
| 521 | 8 |
_a1000 _bLexile |
|
| 700 | _aKathleen Krull | ||
| 942 |
_2ddc _cBK _n0 |
||
| 999 |
_c3569 _d3569 |
||